| 000 | 00434nam a22001577a 4500 | ||
|---|---|---|---|
| 005 | 20250222104446.0 | ||
| 008 | 250222b |||||||| |||| 00| 0 eng d | ||
| 020 | _a8180640612 | ||
| 050 |
_aHF5635 _bGUP |
||
| 100 | _aGupta, R. I. | ||
| 245 |
_aAdvanced accountancy; _btheory, method and application |
||
| 260 |
_aNew Delhi _bSultan Chand and Sons _c2003 |
||
| 300 | _axviii, AM-VI.11 | ||
| 700 | _aRadhaswamy, M. | ||
| 942 |
_2lcc _cBK _n0 |
||
| 999 |
_c4120 _d4120 |
||